The property tax system : precties in Bangladesh

Bibliographic Details
Main Author: Ranjan Kumar Bhowmik
Format: Book
Published: Bangi : Institut Penilaian Negara , 2006
Subjects:

MARC

LEADER 00000cam a2200000 7i4500
001 0000016628
005 20060609.0
040 |a INS 
090 0 0 |a MTCP74 
100 1 |a Ranjan Kumar Bhowmik 
245 1 4 |a The property tax system :   |b precties in Bangladesh   |c Ranjan Kumar Bhowmik 
260 |a Bangi :   |b Institut Penilaian Negara ,   |c 2006 
300 |a 5 ms ;   |c 29 cm. 
650 0 0 |a Malaysia Technical Cooperation Programme 
650 0 0 |a Property tax   |z Bangladesh 
999 |a MTCP000099   |b BOOK   |c Course Notes   |e Default branch